[Event "SVK-chT4 A21 2223"]
[Site "Slovakia"]
[Date "2023.02.26"]
[Round "9.2"]
[White "Planka, Peter"]
[Black "Benak, Peter"]
[Result "1/2-1/2"]
[WhiteElo "1779"]
[BlackElo "1680"]
[PlyCount "89"]
[EventDate "2022.10.09"]
[EventType "team-tourn"]
[EventRounds "11"]
[EventCountry "SVK"]
[SourceTitle "EXT 2024"]
[Source "ChessBase"]
[SourceDate "2023.10.10"]
[SourceVersion "1"]
[SourceVersionDate "2023.10.10"]
[SourceQuality "1"]
[WhiteTeam "Petrova Ves"]
[BlackTeam "Holic II"]
[WhiteTeamCountry "SVK"]
[BlackTeamCountry "SVK"]

1. e4 Nf6 2. e5 Nd5 3. d4 d6 4. c4 Nb6 5. exd6 exd6 6. Nc3 Nc6 7. Be3 Be7 8. Bd3 Bf6 9. Nge2 0-0 10. b3 Bg4 11. Qc2 h6 12. a3 Re8 13. 0-0 Bg5 14. Bxg5 Qxg5 15. Ne4 Qe7 16. f3 Bh5 17. N4g3 Qg5 18. Nxh5 Qxh5 19. Rae1 Qh4 20. Be4 Nd7 21. Bxc6 bxc6 22. c5 dxc5 23. dxc5 a5 24. Qc3 Nf6 25. Ng3 a4 26. b4 Nd5 27. Qd2 Qf4 28. Qxf4 Nxf4 29. Re4 Rxe4 30. Nxe4 Rd8 31. g3 Ne6 32. Nf2 Rd2 33. Rd1 Rxd1+ 34. Nxd1 Nd4 35. Kf2 Nb5 36. Nb2 Nxa3 37. Nxa4 Nc2 38. Ke2 Nxb4 39. Ke3 f6 40. Kf4 Kf7 41. g4 Ke6 42. h4 g5+ 43. hxg5 hxg5+ 44. Ke4 Nd5 45. Nb2 1/2-1/2

[Event "SVK-chT4 A21 2223"]
[Site "Slovakia"]
[Date "2022.11.13"]
[Round "3.3"]
[White "Smrek, Peter"]
[Black "Benak, Peter"]
[Result "1-0"]
[WhiteElo "1724"]
[BlackElo "1680"]
[PlyCount "51"]
[EventDate "2022.10.09"]
[EventType "team-tourn"]
[EventRounds "11"]
[EventCountry "SVK"]
[SourceTitle "EXT 2024"]
[Source "ChessBase"]
[SourceDate "2023.10.10"]
[SourceVersion "1"]
[SourceVersionDate "2023.10.10"]
[SourceQuality "1"]
[WhiteTeam "Vrbove"]
[BlackTeam "Holic II"]
[WhiteTeamCountry "SVK"]
[BlackTeamCountry "SVK"]

1. c4 Nf6 2. Nc3 e6 3. g3 d5 4. cxd5 Nxd5 5. Bg2 Nxc3 6. bxc3 Bc5 7. Rb1 c6 8. Nf3 0-0 9. d4 Bd6 10. e4 Nd7 11. e5 Be7 12. h4 h6 13. Bf4 Qa5 14. Qd2 c5 15. 0-0 cxd4 16. Nxd4 Rb8 17. Rfe1 Nb6 18. Bxh6 Rd8 19. Re4 g6 20. Rb3 Nd7 21. Qe2 Nc5 22. Rg4 Nxb3 23. Qc2 Qxe5 24. Rxg6+ fxg6 25. Qxg6+ Kh8 26. Be4 1-0

[Event "SVK-chT4 A21 1819"]
[Site "Slovakia"]
[Date "2019.03.03"]
[Round "10.4"]
[White "Bjel, Jan"]
[Black "Benak, Peter"]
[Result "1-0"]
[WhiteElo "1830"]
[BlackElo "1655"]
[PlyCount "97"]
[EventDate "2018.10.14"]
[EventType "team-tourn"]
[EventRounds "11"]
[EventCountry "SVK"]
[SourceTitle "CBM 189 Extra"]
[Source "ChessBase"]
[SourceDate "2019.06.03"]
[SourceVersion "1"]
[SourceVersionDate "2019.06.03"]
[SourceQuality "1"]
[WhiteTeam "Vrbove"]
[BlackTeam "Holic II"]
[WhiteTeamCountry "SVK"]
[BlackTeamCountry "SVK"]

1. e4 e5 2. Nf3 Nf6 3. Nc3 Nc6 4. Bb5 d6 5. h3 Bd7 6. 0-0 a6 7. Ba4 b5 8. Bb3 Na5 9. Re1 Be7 10. d4 Nxb3 11. axb3 exd4 12. Nxd4 0-0 13. Bg5 Re8 14. Qf3 h6 15. Bh4 b4 16. Na2 a5 17. Nf5 Bxf5 18. exf5 Nd5 19. Qxd5 Bxh4 20. Rxe8+ Qxe8 21. Nxb4 Bf6 22. Nd3 Rd8 23. Re1 Qd7 24. Qxa5 c5 25. g4 Re8 26. Rxe8+ Qxe8 27. Qd2 Qe4 28. Qe3 Qc6 29. c3 Qd5 30. b4 c4 31. Ne1 Qd1 32. Kg2 Qb1 33. Qe2 d5 34. Nf3 Kf8 35. Qd2 Qe4 36. Qe3 Qc2 37. Qc5+ Kg8 38. Qxd5 Qxb2 39. Qxc4 Bxc3 40. b5 Ba5 41. Qc6 Qb4 42. Ne5 f6 43. Qa8+ Qf8 44. Qxf8+ Kxf8 45. Nc4 Bc7 46. b6 Bb8 47. Na5 Ke8 48. Nc6 Bd6 49. b7 1-0

[Event "SVK-chT3A2 1718"]
[Site "Slovakia"]
[Date "2018.03.25"]
[Round "11.2"]
[White "Benak, Peter"]
[Black "Sarkozi, Szabolcs"]
[Result "0-1"]
[WhiteElo "1641"]
[BlackElo "1677"]
[PlyCount "66"]
[EventDate "2017.10.08"]
[EventType "team-tourn"]
[EventRounds "11"]
[EventCountry "SVK"]
[SourceTitle "EXT 2020"]
[Source "ChessBase"]
[SourceDate "2019.10.17"]
[SourceVersion "1"]
[SourceVersionDate "2019.10.17"]
[SourceQuality "1"]
[WhiteTeam "Holic"]
[BlackTeam "Potonska Veza II"]
[WhiteTeamCountry "SVK"]
[BlackTeamCountry "SVK"]

1. c4 Nf6 2. g3 g6 3. Bg2 Bg7 4. Nc3 0-0 5. Nf3 d6 6. 0-0 c5 7. d3 h6 8. Qc2 Bd7 9. a3 Nc6 10. Nd5 e6 11. Nxf6+ Qxf6 12. Rb1 g5 13. h3 e5 14. b4 cxb4 15. axb4 g4 16. hxg4 Bxg4 17. Be3 e4 18. dxe4 Bxf3 19. exf3 Rac8 20. Rfc1 h5 21. Qd1 h4 22. Qd5 hxg3 23. fxg3 Ne5 24. Bf4 Bh6 25. Bxe5 dxe5 26. Rc3 b6 27. c5 Rfd8 28. Qb3 bxc5 29. Rxc5 Qb6 30. Kf1 Rxc5 31. bxc5 Qxc5 32. Qb5 Rd1+ 33. Ke2 Qc2# 0-1

[Event "SVK-chT5 SE-SI 1415"]
[Site "Slovakia"]
[Date "2015.01.24"]
[Round "7.3"]
[White "Lauko, Tomas"]
[Black "Benak, Peter"]
[Result "1-0"]
[WhiteElo "1476"]
[BlackElo "1615"]
[PlyCount "81"]
[EventDate "2014.10.18"]
[EventType "team-tourn"]
[EventRounds "11"]
[EventCountry "SVK"]
[SourceTitle "EXT 2022"]
[Source "ChessBase"]
[SourceDate "2021.10.06"]
[SourceVersion "1"]
[SourceVersionDate "2021.10.06"]
[SourceQuality "1"]
[WhiteTeam "Senica Slovakia"]
[BlackTeam "Holic III"]
[WhiteTeamCountry "SVK"]
[BlackTeamCountry "SVK"]

1. e4 Nf6 2. Nc3 d5 3. e5 d4 4. exf6 dxc3 5. fxg7 cxd2+ 6. Qxd2 Qxd2+ 7. Bxd2 Bxg7 8. 0-0-0 Bf5 9. Be2 Nd7 10. g4 Bg6 11. h4 h5 12. Be3 a6 13. gxh5 Bxh5 14. Bxh5 Rxh5 15. Nf3 0-0-0 16. Ng5 Rf8 17. Rd2 Bf6 18. Rhd1 Bxg5 19. hxg5 Ne5 20. Bc5 Nc6 21. f4 Rfh8 22. Re2 e6 23. Bd4 Nxd4 24. Rxd4 Rd8 25. Rxd8+ Kxd8 26. Kd2 Kd7 27. Kd3 c5 28. Ke4 Ke7 29. Re3 Rh2 30. Rc3 b6 31. a4 Rd2 32. b3 Rd4+ 33. Ke3 Kd6 34. Kf3 Rd2 35. Kg4 Rd4 36. Rf3 e5 37. Rd3 exf4 38. Rxd4+ cxd4 39. Kxf4 Ke6 40. Ke4 b5 41. axb5 1-0

[Event "SVK-chT5 SE-SI 1415"]
[Site "Slovakia"]
[Date "2015.01.10"]
[Round "6.2"]
[White "Drinka, Robert"]
[Black "Benak, Peter"]
[Result "0-1"]
[WhiteElo "1418"]
[BlackElo "1615"]
[PlyCount "60"]
[EventDate "2014.10.18"]
[EventType "team-tourn"]
[EventRounds "11"]
[EventCountry "SVK"]
[SourceTitle "EXT 2022"]
[Source "ChessBase"]
[SourceDate "2021.10.06"]
[SourceVersion "1"]
[SourceVersionDate "2021.10.06"]
[SourceQuality "1"]
[WhiteTeam "Borsky Mikulas"]
[BlackTeam "Holic III"]
[WhiteTeamCountry "SVK"]
[BlackTeamCountry "SVK"]

1. e4 Nf6 2. Nc3 d5 3. e5 d4 4. exf6 dxc3 5. fxe7 cxd2+ 6. Bxd2 Bxe7 7. Nf3 Bg4 8. Be2 0-0 9. 0-0 Re8 10. Bc3 Nc6 11. Re1 Bb4 12. a3 Bxc3 13. bxc3 Qf6 14. h3 Rad8 15. Bd3 Rxe1+ 16. Qxe1 Bxf3 17. gxf3 Qxf3 18. Qe3 Qxe3 19. fxe3 Ne5 20. Rd1 g6 21. Kf2 Nc4 22. Ke2 Ne5 23. h4 Kg7 24. Be4 Rxd1 25. Kxd1 c6 26. Ke2 Nc4 27. a4 Kf6 28. Kf3 Nd2+ 29. Kf4 Nxe4 30. Kxe4 g5 0-1

[Event "SVK-chT3A2 1314"]
[Site "Slovakia"]
[Date "2014.02.02"]
[Round "8.5"]
[White "Janas, Peter"]
[Black "Benak, Peter"]
[Result "1-0"]
[WhiteElo "1707"]
[BlackElo "1601"]
[PlyCount "71"]
[EventDate "2013.10.13"]
[EventType "team-tourn"]
[EventRounds "11"]
[EventCountry "SVK"]
[SourceTitle "EXT 2015"]
[Source "ChessBase"]
[SourceDate "2014.11.20"]
[SourceVersion "1"]
[SourceVersionDate "2014.11.20"]
[SourceQuality "1"]
[WhiteTeam "Hlohovec"]
[BlackTeam "Holic"]
[WhiteTeamCountry "SVK"]
[BlackTeamCountry "SVK"]

1. Nf3 Nf6 2. d4 d5 3. Bg5 e6 4. c4 Be7 5. Nc3 0-0 6. e3 b6 7. Be2 Bb7 8. 0-0 Nbd7 9. Re1 dxc4 10. Bxc4 Ne4 11. Bxe7 Qxe7 12. Bd3 Nxc3 13. bxc3 c5 14. e4 cxd4 15. cxd4 Qd6 16. e5 Bxf3 17. gxf3 Qe7 18. Kh1 Rfc8 19. Qd2 Nf8 20. Rg1 Ng6 21. Rg3 Nh4 22. Be4 Rab8 23. Rg4 Nf5 24. d5 g6 25. d6 Qd7 26. Rgg1 Rc5 27. f4 Rbc8 28. Rac1 Kf8 29. Rxc5 Rxc5 30. Rc1 Ke8 31. Rxc5 bxc5 32. Qb2 Kd8 33. Qb8+ Qc8 34. Qxa7 Qd7 35. Bb7 c4 36. Qb8+ 1-0

[Event "SVK-chT5 SE-SI 1314"]
[Site "Slovakia"]
[Date "2013.11.09"]
[Round "3.1"]
[White "Brunovsky, Peter"]
[Black "Benak, Peter"]
[Result "1/2-1/2"]
[WhiteElo "1829"]
[BlackElo "1601"]
[PlyCount "43"]
[EventDate "2013.10.19"]
[EventType "team-tourn"]
[EventRounds "11"]
[EventCountry "SVK"]
[SourceTitle "EXT 2022"]
[Source "ChessBase"]
[SourceDate "2021.10.06"]
[SourceVersion "1"]
[SourceVersionDate "2021.10.06"]
[SourceQuality "1"]
[WhiteTeam "Gbely Nafta II"]
[BlackTeam "Holic II"]
[WhiteTeamCountry "SVK"]
[BlackTeamCountry "SVK"]

1. e4 Nf6 2. Nc3 d5 3. exd5 Nxd5 4. Nxd5 Qxd5 5. Qf3 Qxf3 6. Nxf3 Bf5 7. c3 Nd7 8. d4 0-0-0 9. Bc4 e6 10. Bf4 Bd6 11. Bxd6 cxd6 12. 0-0 h6 13. a4 a6 14. a5 d5 15. Be2 Bg4 16. Rfe1 Bxf3 17. Bxf3 Rhe8 18. b4 Kb8 19. b5 Rc8 20. bxa6 bxa6 21. Rab1+ Ka7 22. c4 1/2-1/2

[Event "SVK-chT3A2 1011"]
[Site "Slovakia"]
[Date "2011.03.13"]
[Round "10.7"]
[White "Benak, Peter"]
[Black "Kosar, Mikulas1111"]
[Result "1/2-1/2"]
[WhiteElo "1605"]
[BlackElo "1835"]
[PlyCount "54"]
[EventDate "2010.10.17"]
[EventType "team-tourn"]
[EventRounds "11"]
[EventCountry "SVK"]
[SourceTitle "EXT 2019"]
[Source "ChessBase"]
[SourceDate "2018.10.10"]
[SourceVersion "1"]
[SourceVersionDate "2018.10.10"]
[SourceQuality "1"]
[WhiteTeam "Holic"]
[BlackTeam "Gabcikovo Russel"]
[WhiteTeamCountry "SVK"]
[BlackTeamCountry "SVK"]

1. e4 e5 2. Nf3 Nf6 3. Nxe5 d6 4. Nf3 Nxe4 5. d3 Nf6 6. Be2 Be7 7. 0-0 0-0 8. Nc3 Bg4 9. h3 Bh5 10. Bg5 h6 11. Bh4 Nbd7 12. Re1 Re8 13. Nd2 Bxe2 14. Rxe2 d5 15. a3 Bd6 16. Nxd5 g5 17. Rxe8+ Qxe8 18. Nxf6+ Nxf6 19. Qf3 Kg7 20. Bg3 Bxg3 21. fxg3 c6 22. Kf2 Qe5 23. Nc4 Qc5+ 24. Qe3 Qf5+ 25. Qf3 Qc5+ 26. Qe3 Qf5+ 27. Qf3 Qc5+ 1/2-1/2